Portland Trail Blazers Leading Rebounder per year - Statistics

General Stats
  • This quiz has been taken 27 times
    22 since last reset
  • The average score is 27 of 54
Answer Stats
Year Player % Correct
2023 Jusuf Nurkić
100%
2022 Jusuf Nurkić
100%
2019 Jusuf Nurkić
100%
2018 Jusuf Nurkić
100%
2017 Jusuf Nurkić
100%
2015 LaMarcus Aldridge
100%
2014 LaMarcus Aldridge
100%
1978 Bill Walton
93%
1977 Bill Walton
93%
1976 Bill Walton
93%
1975 Bill Walton
93%
2000 Arvydas Sabonis
79%
1998 Arvydas Sabonis
79%
1997 Arvydas Sabonis
79%
1979 Maurice Lucas
71%
2003 Rasheed Wallace
71%
2001 Rasheed Wallace
71%
1994 Buck Williams
64%
1993 Buck Williams
64%
1992 Buck Williams
64%
1991 Buck Williams
64%
1990 Buck Williams
64%
2024 Deandre Ayton
64%
1989 Jerome Kersey
64%
1988 Jerome Kersey
64%
2020 Hassan Whiteside
57%
2007 Zach Randolph
50%
2006 Zach Randolph
50%
2005 Zach Randolph
50%
2004 Zach Randolph
50%
1999 Brian Grant
43%
2021 Enes Kanter
43%
2016 Mason Plumlee
36%
2002 Dale Davis
29%
1984 Mychal Thompson
29%
1983 Mychal Thompson
29%
1982 Mychal Thompson
29%
1972 Sidney Wicks
29%
1996 Chris Dudley
14%
1995 Chris Dudley
14%
2009 Joel Przybilla
14%
2008 Joel Przybilla
14%
2012 Marcus Camby
14%
2011 Marcus Camby
14%
2010 Marcus Camby
14%
1985 Sam Bowie
7%
2013 J.J. Hickson
0%
1987 Kenny Carr
0%
1986 Kenny Carr
0%
1981 Kermit Washington
0%
1980 Kermit Washington
0%
1971 Leroy Ellis
0%
1973 Lloyd Neal
0%
1974 Rick Roberson
0%
No matching quizzes found
Score Distribution
Percent of People with Each Score
Percentile by Number Answered
Your Score History
You have not taken this quiz since the last reset